| 000 | 00587cam a2200181 a 4500 | ||
|---|---|---|---|
| 001 | 000002109 | ||
| 005 | 20200929145833.0 | ||
| 008 | 810724s1966 sp a 000 0 spa d | ||
| 040 |
_aDO-SdBNP _bspa _cBNPHU |
||
| 082 |
_axx _bV422f |
||
| 100 | 1 |
_aVega, Lope de, _d1562-1635. _93084 |
|
| 245 | 1 | 0 |
_aFuente Ovejuna : _bperibañez y el comendador de ocaña / _cLope de Vega ; ilustraciones López Pinal. |
| 260 |
_aMadrid : _bEDAF, _c1966. |
||
| 300 |
_a210 p. : _bil. ; _c19 cm. |
||
| 490 | 1 |
_aBiblioteca EDAF, _v58 |
|
| 700 | 1 |
_aLópez Pinal, _eill. _96778 |
|
| 830 | 0 |
_aBiblioteca EDAF, _v58 _96779 |
|
| 999 |
_c1967 _d1967 |
||